000 00999nam a2200253 i 4500
001 bg
100 1 _aWROBEL, Luiz C.
_d(1952- )
245 3 0 _aThe boundary element method.
_nT.1,
_pApplications in thermo-fluids and acoustics /
_cL.C. Wrobel.
260 _aChichester :
_bJohn Wiley,
_c2002.
300 _aIX, 451 s. :
_bil. ;
_c24 cm.
504 _aBibliogr. przy rozdz.
650 9 _aMetody i |zagadnienia brzegowe
_xstosowanie
_xtermodynamika
650 9 _aMetody i |zagadnienia brzegowe
_xstosowanie
_xmechanika płynów
650 9 _aMetody i |zagadnienia brzegowe
_xstosowanie
_xakustyka
650 9 _aMetody i |zagadnienia brzegowe
_xstosowanie
_xelektrochemia
020 _a0471720399
040 _cBPK
041 0 _aen
080 _a621.01.1:532:536:534:544.6
920 _a0-471-72039-9
942 _cKS
008 s pl f |000 0 pol
999 _c41138
_d41138
856 _uhttp://koha.tu.koszalin.pl/cgi-bin/koha/opac-detail.pl?biblionumber=41138
_yKatalog online BPK